[Event "inAUTOmarket Open"]
[Site "Minsk BLR"]
[Date "2005.07.17"]
[Round "8"]
[White "Shushpanov,V"]
[Black "Lavretzkij,R"]
[Result "1/2-1/2"]
[WhiteElo "2389"]
[BlackElo "2368"]

1.c4 c6 2.e4 d5 3.exd5 cxd5 4.cxd5 Qxd5 5.Nc3 Qd8 6.d4 e6 7.d5 exd5 8.Qxd5 Qxd5
9.Nxd5 Bd6 10.Nf3 Ne7 11.Bc4 Nbc6 12.O-O Bg4 13.Nxe7  1/2-1/2

[Event "Politiken Cup"]
[Site "Copenhagen DEN"]
[Date "2005.07.20"]
[Round "6"]
[White "Andersen,Dani"]
[Black "Mansson,L"]
[Result "1-0"]
[WhiteElo "2034"]
[BlackElo "2184"]

1.c4 c6 2.g3 d5 3.Bg2 Nf6 4.Nf3 Bf5 5.cxd5 cxd5 6.Qb3 Qc7 7.Nc3 e6 8.d3 Nc6
9.Bf4 Bd6 10.Nb5 Qa5+ 11.Bd2 Qd8 12.Nxd6+ Qxd6 13.Qxb7 Rb8 14.Qa6 Rxb2 15.O-O O-O
16.Rab1 Rxb1 17.Rxb1 e5 18.Bb4 Qb8 19.Qxc6 a5 20.Qd6 axb4 21.Qxb8 Rxb8 22.Nxe5 Rb6
23.f4 h6 24.Kf2 Be6 25.d4 Ne4+ 26.Ke1 Nc3 27.Rb2 Na4 28.Rb3 Nc3 29.a3 Na2
30.Nd3 Bg4 31.h3 Bxe2 32.Kxe2 Rc6 33.Kd2 Rc4 34.Nxb4 Nc1 35.Rc3 Rxc3 36.Kxc3  1-0

[Event "ACT Open"]
[Site "Amsterdam NED"]
[Date "2005.07.21"]
[Round "6"]
[White "Kharlov,A"]
[Black "Megaranto,S"]
[Result "1/2-1/2"]
[WhiteElo "2619"]
[BlackElo "2499"]

1.c4 c6 2.e4 d5 3.exd5 cxd5 4.d4 Nf6 5.Nc3 e6 6.Nf3 Bb4 7.cxd5 Nxd5 8.Qc2 Nc6
9.Be2 O-O 10.O-O Be7 11.Rd1 a6 12.a3 Bd7 13.Bd3 g6 14.Bh6 Re8 15.Be4 Nxc3
16.Qxc3 Bf6 17.Qd2 Qe7 18.Qf4 Nxd4 19.Nxd4 e5 20.Qd2 exd4 21.Bxb7 Ra7 22.Re1 Qd8
23.Be4 Qb6 24.h3 Be6 25.Rac1 Rae7 26.Rc6 Qb5 27.Rec1 Qh5 28.Bf3 Qh4 29.Bf4 d3
30.b4 h6 31.Be3 Bg5 32.Qxd3 Bxe3 33.fxe3 Bd7 34.Bd5 Bxc6 35.Rxc6 Kh8 36.e4 Rxe4
37.Bxe4 Rxe4 38.Qd6 Kg7 39.Rc8 Qe7 40.Qxe7 Rxe7 41.Rc6 a5 42.Kf2 axb4 43.axb4 Re4
44.b5 Rb4 45.b6 Kf8 46.Ke3 Ke7 47.Rc7+ Kd8 48.Rb7 Kc8 49.Rxf7 Rxb6 50.Ke4 Kd8
51.Ke5 Rb2 52.g4 Rh2 53.Kd6 Ke8 54.Rf3 Re2 55.Rf6 Rh2 56.Rf3 Re2 57.Rf4 Rh2
58.Ke6 Rxh3 59.Ra4 Kd8 60.Kf6  1/2-1/2

[Event "MTO Open"]
[Site "Biel SUI"]
[Date "2005.07.21"]
[Round "4"]
[White "Daudzvardis,J"]
[Black "Sriram,J"]
[Result "1/2-1/2"]
[WhiteElo "2184"]
[BlackElo "2437"]

1.c4 c6 2.Nf3 d5 3.Qc2 Nf6 4.g3 g6 5.b3 Bg7 6.Bb2 O-O 7.Bg2 Re8 8.O-O Nbd7
9.Ne5 Nxe5 10.Bxe5 Bf5 11.d3 Qd7 12.Nd2 Bh3 13.Rad1 Red8 14.Nf3 a5 15.Rfe1 Qf5
16.Bxf6 Bxf6 17.e4 Qh5 18.Bxh3 Qxh3 19.e5 Bg7 20.c5 Qf5 21.Nh4 Qg4 22.d4 f6
23.f4 fxe5 24.dxe5 e6 25.Kg2 g5 26.h3 Qh5 27.fxg5 Qxg5 28.Nf3 Qe7 29.Rd4 Rf8
30.Rh4 h6 31.Qg6 Qf7 32.Qxf7+ Rxf7 33.Nd4 Re7 34.Rf4 Kh7 35.Kf3 Rg8 36.g4 Rf8
37.a3 Kg8 38.Rxf8+ Kxf8 39.Kg3 Ke8 40.b4 axb4 41.axb4 Kd7 42.Nf3 Kc7 43.h4 Re8
44.g5 Ra8 45.gxh6 Bxh6 46.Ng5 Kd7 47.Rf1 Bxg5 48.hxg5 Ke7 49.Rh1 Kf7 50.Kg4 Rd8
51.Rh7+ Kg8 52.Rxb7 d4 53.Ra7 d3 54.Ra1 Kg7 55.Rd1 Kg6 56.Kf4 Rd4+ 57.Ke3 Rxb4
58.Rxd3 Kxg5 59.Rd6 Kf5  1/2-1/2

[Event "Politiken Cup"]
[Site "Copenhagen DEN"]
[Date "2005.07.21"]
[Round "7"]
[White "Korchnoi,V"]
[Black "Cech,P"]
[Result "1-0"]
[WhiteElo "2615"]
[BlackElo "2416"]

1.c4 c6 2.e4 e5 3.Nf3 d6 4.d4 Nd7 5.Nc3 Ngf6 6.Be2 Be7 7.O-O O-O 8.Be3 a6
9.d5 cxd5 10.cxd5 Ng4 11.Bd2 b5 12.Ne1 Ngf6 13.Nc2 Nc5 14.f3 Nh5 15.b4 Nd7
16.g3 Nb6 17.f4 Nf6 18.f5 Bd7 19.Bd3 Rc8 20.Ne3 Rc7 21.Qf3 Qb8 22.Kh1 Rfc8
23.Ne2 Na4 24.Rab1 Be8 25.h4 Nd7 26.Rg1 Ndb6 27.Be1 Nc4 28.Nxc4 bxc4 29.Bc2 c3
30.g4 Qb5 31.g5 f6 32.Rg2 Qc4 33.Rb3 Bb5 34.Qe3 Kh8 35.Kh2 Bd8 36.Qg3 Be7
37.Ng1 Rb7 38.Rf2 Qc7 39.Ra3 Qd7 40.Rg2 Rbc7 41.Ne2 Rc4 42.Nxc3 Nxc3 43.Rxc3 Rxc3
44.Bxc3 Ba4 45.Bb1 Bd1 46.Rg1 Qa4 47.Bd2 Bd8 48.gxf6 Bxf6 49.Bg5  1-0

[Event "Politiken Cup"]
[Site "Copenhagen DEN"]
[Date "2005.07.21"]
[Round "7"]
[White "Petersen,N"]
[Black "Mansson,L"]
[Result "0-1"]
[WhiteElo "2012"]
[BlackElo "2184"]

1.c4 c6 2.e4 e5 3.Nf3 d6 4.d4 Qc7 5.Be2 Nf6 6.Nc3 Nbd7 7.O-O Be7 8.h3 Nf8
9.Be3 Ng6 10.Qd2 O-O 11.Rac1 Re8 12.d5 c5 13.a3 Bd7 14.b4 b6 15.Rb1 Bf8 16.Kh2 h6
17.Rg1 Nh5 18.g3 Qc8 19.Bf1 Be7 20.bxc5 bxc5 21.Qb2 Rb8 22.Qxb8 Qxb8 23.Rxb8 Rxb8
24.Nd2 Rb2 25.Bd3 Nhf4 26.gxf4 exf4 27.Rb1 Rxb1 28.Bxb1 fxe3 29.fxe3 Bg5
30.Nd1 Ne5 31.Bc2 Bc8 32.Kg3 Ba6 33.Bb3 Bd8 34.Nc3 Ba5 35.Ncb1 Kf8 36.Ba2 Ke7
37.Bb3 Kf6 38.Ba2 Nd3 39.Bb3 Ne5 40.Ba2 g6 41.Bb3 g5 42.Ba2 Nd3 43.Bb3 Ne5
44.Ba2 h5 45.Bb3 Kg6 46.Kg2 g4 47.h4 Kg7 48.Kg3 Bd8 49.Nc3 Ng6 50.Nb5 Bxh4+
51.Kg2 Be1 52.Nf1 Bxb5 53.cxb5 Ne5 54.Ng3 Bxg3 55.Kxg3 c4 56.Bc2 c3 57.a4 Nc4
58.e5 dxe5 59.e4 Kf8 60.Bd3 Ke7  0-1

[Event "Politiken Cup"]
[Site "Copenhagen DEN"]
[Date "2005.07.22"]
[Round "8"]
[White "Hansen,Cu"]
[Black "Kargin,A"]
[Result "1-0"]
[WhiteElo "2613"]
[BlackElo "2408"]

1.c4 c6 2.d4 d5 3.Nc3 Nf6 4.e3 a6 5.Qc2 b5 6.b3 Bg4 7.Nge2 Bxe2 8.Bxe2 Nbd7
9.Bb2 e6 10.c5 g6 11.O-O-O Bg7 12.g4 Qc7 13.Kb1 b4 14.Na4 h5 15.gxh5 Nxh5
16.Rdg1 Bf6 17.Bxh5 Rxh5 18.Rxg6 Rxh2 19.Rxh2 Qxh2 20.Nb6 Rd8 21.Rg8+ Nf8
22.a3 bxa3 23.Bxa3 Qh1+ 24.Ka2 Qf1 25.Bb2 Ke7 26.e4 Ng6 27.Rxd8 Kxd8 28.exd5 cxd5
29.c6 Kc7 30.Na8+ Kc8 31.Nb6+ Kc7 32.Qc5 Qb5 33.Na8+ Kc8 34.Nb6+ Kc7 35.Na8+ Kc8
36.Qd6 Qa5+ 37.Ba3 Qd2+ 38.Bb2 Qa5+ 39.Kb1 Qd8 40.Qa3 a5 41.Qc5  1-0

[Event "WYg18"]
[Site "Belfort FRA"]
[Date "2005.07.23"]
[Round "5"]
[White "Morales Mendoza,L"]
[Black "Hoang Thi Bao Tram"]
[Result "1-0"]
[WhiteElo "2149"]
[BlackElo "2267"]

1.c4 c6 2.d4 d5 3.cxd5 cxd5 4.Bf4 Nc6 5.e3 Nf6 6.Nc3 Bf5 7.Nf3 e6 8.Bb5 Nd7
9.Rc1 Rc8 10.O-O Be7 11.Bxc6 Rxc6 12.Nb5 O-O 13.Nxa7 Rxc1 14.Qxc1 Qa8 15.Nb5 Bd3
16.Nc7 Qxa2 17.Qa1 Qxa1 18.Rxa1 Rc8 19.h3 Bd8 20.Ra8 Rxa8 21.Nxa8 f6 22.Bd6 Kf7
23.Nd2 Be7 24.Bc7 Bb4 25.Nb3 Bc4 26.Na5 Ba6 27.Nb3 Bc4 28.Na5 Ba6 29.Nb3 Bc4
30.Na5 b5 31.Nc6 Bd2 32.Bd6 Bc1 33.b4 e5 34.Nc7 Bb2 35.f3 exd4 36.Nxd4 Bc1
37.Kf2 Ne5 38.Bxe5 fxe5 39.Ndxb5 Ke7 40.Nc3 d4 41.exd4 exd4 42.Ne4 Be3+ 43.Ke1 d3
44.Nc3 Kd6 45.N7b5+ Ke5 46.Na3 Kd4 47.Ne4 Bd5 48.Nb5+ Kc4 49.Nbd6+ Kxb4 50.Nf5 Bc1
51.Nxg7 Kb3 52.Kd1 Kb2 53.Nc5 d2 54.Nf5 Kc3 55.Nd6 Kd4 56.Nde4 Ke3 57.Kc2 Bc4
58.h4 Ba3 59.Nxd2 Bd3+ 60.Nxd3 Be7 61.h5 Bg5 62.Ne4 Be7 63.Kc3 Bd8 64.Kc4 Be7
65.Ng3 Bf6 66.Ne4 Be7 67.Ne5 Kf4 68.Kd5 Kf5 69.Nd3  1-0

[Event "ACT Open"]
[Site "Amsterdam NED"]
[Date "2005.07.24"]
[Round "9"]
[White "Van der Elburg,F"]
[Black "Jonkman,H"]
[Result "1-0"]
[WhiteElo "2290"]
[BlackElo "2454"]

1.c4 c6 2.b3 d5 3.Bb2 Bg4 4.Nf3 Nd7 5.e3 Ngf6 6.Be2 e6 7.O-O Bd6 8.d3 O-O
9.h3 Bxf3 10.Bxf3 Qe7 11.Nc3 Rad8 12.Qc2 Ba3 13.Rfd1 Ne5 14.Be2 Ng6 15.Bxa3 Qxa3
16.d4 dxc4 17.bxc4 e5 18.Qb3 Qe7 19.d5 cxd5 20.cxd5 b6 21.a4 Qc5 22.Rac1 Rc8
23.Ba6 Rcd8 24.Nb5 Qe7 25.d6 Qd7 26.Rc7 Qf5 27.Bb7 Nd7 28.Nxa7 e4 29.Nc6 Nc5
30.Qd5 Qxd5 31.Rxd5 Rd7 32.Rxc5 Rxd6 33.Rc2 Re8 34.Nd4 h5 35.Rc8 Rxc8 36.Rxc8+ Kh7
37.Bxe4  1-0

[Event "Open A"]
[Site "Pardubice CZE"]
[Date "2005.07.24"]
[Round "3"]
[White "Askarov,M"]
[Black "Jakubek,P"]
[Result "1-0"]
[WhiteElo "2421"]
[BlackElo "2255"]

1.c4 c6 2.e4 d5 3.cxd5 cxd5 4.exd5 Nf6 5.Nc3 Nxd5 6.Nf3 Nc6 7.Bb5 e6 8.d4 Be7
9.Ne5 Bd7 10.Nxd5 Nxe5 11.Be2 Nc6 12.Nc3 Bf6 13.Be3 Ne7 14.Ne4 Nf5 15.Nxf6+ Qxf6
16.Bf3 Bc6 17.Bxc6+ bxc6 18.Qf3 O-O 19.Rc1 Rad8 20.Rxc6 Qg6 21.Qe4 Nxd4 22.Qxg6 hxg6
23.Rc4 Nf5 24.Bc5 Rc8 25.Ke2 Rfd8 26.Rhc1 Rd7 27.g4 Nh4 28.Be3 Rxc4 29.Rxc4 f6
30.Ra4 Rc7 31.b3 Ng2 32.Rxa7 Rc2+ 33.Kf3 Ne1+ 34.Ke4 Rb2 35.g5 Nc2 36.gxf6 gxf6
37.Bc1 Rb1 38.Bd2 Rd1 39.Kd3 Nd4 40.Kxd4 Rxd2+ 41.Ke3 Rb2 42.h3 e5 43.f4 exf4+
44.Kxf4 Rh2 45.Kg4 Rg2+ 46.Kf4 Rh2 47.a4 Rxh3 48.Rb7 g5+ 49.Kf5 Rf3+ 50.Kg6 Kf8
51.a5  1-0

[Event "Open A"]
[Site "Pardubice CZE"]
[Date "2005.07.24"]
[Round "3"]
[White "Paterek,M"]
[Black "Bombek,P"]
[Result "1/2-1/2"]
[WhiteElo "2288"]
[BlackElo "2218"]

1.c4 c6 2.Nc3 d5 3.e3 Nf6 4.Nf3 a6 5.Qc2 g6 6.b3 Bg7 7.Bb2 O-O 8.Be2 b5 9.Rd1 Bf5
10.d3 Qa5 11.Nd2 Nbd7 12.O-O Rab8 13.e4 Be6 14.a3 Qb6 15.Ba1  1/2-1/2

[Event "Open A"]
[Site "Pardubice CZE"]
[Date "2005.07.24"]
[Round "3"]
[White "Golcman,E"]
[Black "Nazarenus,M"]
[Result "1/2-1/2"]
[WhiteElo "2296"]
[BlackElo "2185"]

1.c4 c6 2.d4 d5 3.Qb3 dxc4 4.Qxc4 Nf6 5.Nf3 Bf5 6.Nc3 e6 7.Bg5 Be7 8.e3 Nbd7
9.Nh4 Bg4 10.h3 Bh5 11.Be2 Bxe2 12.Qxe2 Qa5 13.Bxf6 Bxf6 14.Nf3 O-O 15.O-O Rfd8
16.Rfd1 Rac8 17.a3 Be7 18.e4 Nf6 19.Rac1 Bf8 20.Rc2 Qh5 21.Rcd2 Rc7 22.Qe3 g6
23.Qf4 Ne8 24.Rd3 Bh6 25.Qh2 Bg7 26.g4 Qa5 27.e5 Rcd7 28.h4 h6 29.Qf4 Nc7
30.Ne4 Nd5 31.Qc1 Qc7 32.Ne1 Kh7 33.Ng2 f5 34.Nc5 Re7 35.Nf4 Nxf4 36.Qxf4 b6
37.Nb3 c5 38.gxf5 gxf5 39.dxc5 Rxd3 40.Rxd3 Bxe5 41.Qe3 Bxb2 42.Rd6 Bxa3
43.Rxe6 Rxe6 44.Qxe6 Bxc5 45.Qxf5+ Kh8 46.Kf1 Qc6 47.Nxc5 Qxc5 48.Qf6+ Kh7
49.Qf7+  1/2-1/2

[Event "Open A"]
[Site "Pardubice CZE"]
[Date "2005.07.25"]
[Round "4"]
[White "Golcman,E"]
[Black "Manik,M"]
[Result "1/2-1/2"]
[WhiteElo "2296"]
[BlackElo "2485"]

1.c4 c6 2.d4 Nf6 3.Nc3 d5 4.cxd5 cxd5 5.Nf3 Nc6 6.g3 Bf5 7.Bg2 e6 8.O-O Be7
9.Bf4 O-O 10.Nh4 Bg4 11.h3 Bh5 12.g4 Nd7 13.Nf5 exf5 14.gxh5 Nb6 15.Qd3 g6
16.Rad1 Qd7 17.hxg6 hxg6 18.Qb5 Rfd8 19.a4 Nb4 20.Qxd7 Rxd7 21.b3 Bd6 22.Bd2 Nc6
23.Nxd5 Nxd5 24.Bxd5 Nxd4 25.e3 Bf8 26.Bxf7+ Kxf7 27.exd4 Rxd4 28.Be3 Rxd1
29.Rxd1 Ke6 30.Re1 a6 31.Bg5+  1/2-1/2

[Event "Open A"]
[Site "Pardubice CZE"]
[Date "2005.07.26"]
[Round "5"]
[White "Gasthofer,V"]
[Black "Nazarenus,M"]
[Result "1-0"]
[WhiteElo "2331"]
[BlackElo "2185"]

1.c4 c6 2.e4 e5 3.Nf3 d6 4.d4 Bg4 5.Be2 Nd7 6.Nc3 Ngf6 7.O-O Be7 8.Be3 O-O
9.d5 Nc5 10.Bxc5 Bxf3 11.Bxd6 Bxe4 12.Bxe5 cxd5 13.cxd5 Nd7 14.Bxg7 Kxg7
15.Nxe4 Nb6 16.d6 Bf6 17.Qb3 Be5 18.Rad1 Bxh2+ 19.Kxh2 Qh4+ 20.Kg1 Qxe4 21.Bf3 Qf4
22.Qc3+ Qf6 23.Rd4 Kh8 24.d7  1-0

[Event "Open Dutch Championship"]
[Site "Dieren NED"]
[Date "2005.07.30"]
[Round "5"]
[White "Van der Elburg,F"]
[Black "Jonkman,H"]
[Result "0-1"]
[WhiteElo "2290"]
[BlackElo "2454"]

1.c4 c6 2.g3 d5 3.Bg2 Nf6 4.Nf3 Bg4 5.Ne5 Be6 6.d4 Nbd7 7.Nc3 Nxe5 8.dxe5 d4
9.exf6 dxc3 10.Qb3 Qb6 11.Qxc3 exf6 12.O-O Bc5 13.Rb1 a5 14.b3 O-O 15.a3 Rfd8
16.b4 axb4 17.axb4 Ra2 18.Qb3 Bxf2+ 19.Rxf2 Rxe2 20.c5 Qb5 21.Qa3 Rd1+ 22.Bf1 h5
23.Qf3 Bg4 24.Qf4 Rxf2 25.Qxf2 Bh3  0-1

[Event "4th Open"]
[Site "Davos SUI"]
[Date "2005.08.01"]
[Round "3"]
[White "Luchsinger,E"]
[Black "Bosshard,R"]
[Result "1-0"]
[WhiteElo "2135"]
[BlackElo "1868"]

1.c4 c6 2.e4 d5 3.exd5 cxd5 4.cxd5 Qxd5 5.Nc3 Qd8 6.Nf3 Nf6 7.d4 e6 8.Bd3 Nc6
9.a3 Be7 10.O-O O-O 11.Bc2 b6 12.Qd3 Bb7 13.Bg5 g6 14.Rad1 Nd5 15.h4 Rc8
16.Rfe1 Rc7 17.Bb1 Nxc3 18.bxc3 Na5 19.Bh6 Re8 20.h5 Qd5 21.hxg6 hxg6 22.Re5 Qc4
23.Qe3 Bf6 24.Qf4 Bg7 25.Bxg7 Kxg7 26.Rg5 Bxf3 27.gxf3 e5 28.Rxe5 Rxe5 29.Qxe5+ Kg8
30.Kg2 Qc6 31.Rh1 f6 32.Qh2 Rg7 33.Qb8+ Kf7 34.Ba2+ Nc4 35.Qxa7+ Kf8 36.Rh8+ Rg8
37.Qb8+ Ke7 38.Qxg8 Qb5 39.Qd8+ Ke6 40.Re8+ Kf5  1-0

[Event "15th Summer Open"]
[Site "Recklinghausen GER"]
[Date "2005.08.01"]
[Round "1"]
[White "Leveikina,J"]
[Black "Woller,Ra"]
[Result "1-0"]
[WhiteElo "2013"]
[BlackElo "2196"]

1.c4 c6 2.d4 d5 3.cxd5 cxd5 4.Nc3 Nc6 5.Nf3 Nf6 6.Bf4 Ne4 7.e3 Nxc3 8.bxc3 g6
9.Be2 Bg7 10.O-O Bf5 11.c4 dxc4 12.Bxc4 O-O 13.Rc1 Rc8 14.h3 Na5 15.Be2 Qd5
16.Qa4 Bd7 17.Qa3 Nc6 18.Rc5 Qe4 19.Ng5 Qf5 20.Rxf5 Bxf5 21.Nf3 Rfd8 22.Rd1 Rd5
23.Bc4 Ra5 24.Qb3 Nd8 25.Ng5 h6 26.Nxf7 Rxc4 27.Nxd8 b5 28.Nb7 Bc2 29.Qb2 Raa4
30.Rc1 Bd3 31.Rxc4 Rxc4 32.Qa3 Be4 33.Qxe7  1-0

[Event "10th Open"]
[Site "Creon FRA"]
[Date "2005.08.02"]
[Round "2"]
[White "Lamberthod,G"]
[Black "Drenchev,P"]
[Result "0-1"]
[WhiteElo "2073"]
[BlackElo "2412"]

1.c4 c6 2.d4 d5 3.cxd5 cxd5 4.Nc3 Nc6 5.g3 Nf6 6.Bg2 e6 7.Nf3 Be7 8.O-O O-O
9.a3 Ne4 10.Qd3 f5 11.b4 Bd7 12.Bb2 Bf6 13.Rac1 Qe7 14.Nb1 Nd6 15.Nbd2 a5
16.b5 Nxb5 17.Qxb5 Nxd4 18.Qb6 Nxe2+ 19.Kh1 Nxc1 20.Rxc1 Rfc8 21.Rxc8+ Rxc8
22.Qxb7 Bxb2 23.Qxb2 Qc5 24.Nb3 Qb6 25.Qa2 a4 26.Nbd2 Rc1+ 27.Nf1 Bb5 28.Kg1 Qc5
29.Qb2 Rc2 30.Qd4 h6 31.h3 Bxf1 32.Bxf1 Qxd4 33.Nxd4 Rc3 34.Nxe6 Rxa3 35.Nf4 d4
36.Bc4+ Kf8 37.Ne6+ Ke7 38.Nxd4 Ra1+ 39.Kg2 Kf6 40.Bg8 Rd1 41.Nb5 Rd8 42.Ba2 a3
43.Nxa3 Ra8 44.Bd5 Rxa3 45.h4 Ke5 46.Bb7 Rb3 47.Bc6 Rb6 48.Ba8 Kd4 49.Kf3 g5
50.hxg5 hxg5 51.Ke2 Re6+ 52.Kf1 Kd3 53.Kg2 Ke2 54.Bd5 Rd6 55.Bb7 Ke1 56.f4 gxf4
57.gxf4 Ke2 58.Bc8 Rf6 59.Kg3 Ke3 60.Kh4 Kxf4 61.Kh5 Rc6 62.Bd7 Rc7 63.Bb5  0-1

[Event "It"]
[Site "Charleroi BEL"]
[Date "2005.08.03"]
[Round "6"]
[White "Plachetka,J"]
[Black "Cappon,J"]
[Result "1-0"]
[WhiteElo "2459"]
[BlackElo "2216"]

1.c4 c6 2.e4 d6 3.d4 Nf6 4.Nc3 Nbd7 5.Nf3 e5 6.Be2 Be7 7.O-O O-O 8.Re1 Re8
9.Bf1 Qc7 10.h3 Nf8 11.Be3 Ng6 12.a3 c5 13.dxe5 dxe5 14.Nd5 Nxd5 15.cxd5 Bd7
16.Rc1 Rac8 17.b4 Qb6 18.Nd2 Bb5 19.bxc5 Bxc5 20.Rb1  1-0

[Event "Open"]
[Site "Nice FRA"]
[Date "2005.08.03"]
[Round "4"]
[White "Maksimenko,A"]
[Black "Kirszenberg,M"]
[Result "1-0"]
[WhiteElo "2505"]
[BlackElo "2224"]

1.c4 c6 2.e4 d5 3.exd5 cxd5 4.d4 Nf6 5.Nc3 Nc6 6.Bg5 Qa5 7.Nf3 Ne4 8.cxd5 Nxc3
9.bxc3 Qxd5 10.c4 Qe4+ 11.Be3 Bg4 12.Bd3 Bxf3 13.gxf3 Qh4 14.d5 Nd4 15.Rb1 e5
16.Bxd4 Qxd4 17.Qa4+ Kd8 18.Rxb7  1-0

[Event "15th Summer Open"]
[Site "Recklinghausen GER"]
[Date "2005.08.03"]
[Round "3"]
[White "Reichelt,M"]
[Black "Stahl,M"]
[Result "1-0"]
[WhiteElo "2092"]
[BlackElo "2165"]

1.c4 c6 2.e4 d5 3.exd5 cxd5 4.cxd5 Qxd5 5.Nc3 Qa5 6.d4 Nf6 7.Nf3 Bg4 8.Be2 e6
9.h3 Bh5 10.Bd2 Qd8 11.Qb3 b6 12.g4 Bg6 13.Ne5 Qxd4 14.Nxg6 hxg6 15.Bf3 Nd5
16.Nxd5 Na6 17.Qb5+ Kd8 18.Qxa6 exd5 19.Qb7 Qe5+ 20.Kf1  1-0

[Event "10th Open"]
[Site "Creon FRA"]
[Date "2005.08.04"]
[Round "6"]
[White "Lamberthod,G"]
[Black "Beudaert,X"]
[Result "0-1"]
[WhiteElo "2073"]
[BlackElo "2358"]

1.c4 c6 2.Nc3 d5 3.cxd5 cxd5 4.d4 Nf6 5.g3 Nc6 6.Bg2 Bf5 7.Nf3 e6 8.Nh4 Bg4
9.O-O Qb6 10.Nf3 Bxf3 11.exf3 Qxd4 12.Qxd4 Nxd4 13.Be3 Nc2 14.Rac1 Nxe3 15.fxe3 a6
16.Na4 b5 17.Nc5 Bxc5 18.Rxc5 Kd7 19.Rfc1 Rhc8 20.Kf2 Rxc5 21.Rxc5 Rc8 22.Rxc8 Kxc8
23.Ke2 Kc7 24.Kd3 Kd6 25.Kc3 Kc5 26.Bf1 a5 27.a3 b4+ 28.axb4+ axb4+ 29.Kd3 Nd7
30.f4 e5 31.e4 exf4 32.gxf4 dxe4+ 33.Kxe4 Nf6+ 34.Kf5 Kd4 35.Bb5 Ne4 36.Bc6 Nd6+
37.Kg4 Nc4 38.Be8 Nxb2 39.Bxf7 Nc4 40.Bg8 h6 41.Bh7 b3 42.h4 b2 43.h5 Kc3
44.Bb1 Nd2  0-1

[Event "10th Open"]
[Site "Creon FRA"]
[Date "2005.08.04"]
[Round "6"]
[White "Drenchev,P"]
[Black "Boudre,JP"]
[Result "1-0"]
[WhiteElo "2412"]
[BlackElo "2359"]

1.c4 c6 2.e4 d5 3.cxd5 cxd5 4.exd5 Nf6 5.Qa4+ Nbd7 6.Nc3 a6 7.d4 g6 8.Bd3 Bg7
9.d6 exd6 10.Bf4 O-O 11.Nge2 Nb6 12.Qa3 d5 13.O-O Bd7 14.b3 Bc6 15.Be5 Re8
16.Rae1 Nbd7 17.Bd6 Ne4 18.Bxe4 dxe4 19.d5 Bb5 20.Nxb5 axb5 21.Qb4 Rxa2 22.Qxb5 e3
23.fxe3 Rxe3 24.Nc1 Rc2 25.Bf4 Re4 26.Qd3 Rxc1 27.Qxe4 Rc3 28.d6 Rxb3 29.Kh1 Rb5
30.Rb1 Rxb1 31.Rxb1 Bf8 32.Qxb7 Nc5 33.Qd5 Nd7 34.Bg5 Qc8 35.Be7 Bg7 36.Rf1 Ne5
37.Ra1  1-0

[Event "92nd ch-GBR"]
[Site "Douglas IOM"]
[Date "2005.08.04"]
[Round "4"]
[White "Waters,M"]
[Black "Chaplin,P"]
[Result "1-0"]
[WhiteElo "2125"]
[BlackElo "2062"]

1.c4 c6 2.e4 e5 3.Nc3 Nf6 4.Nf3 d6 5.d4 Nbd7 6.Be2 Be7 7.O-O O-O 8.Bg5 Ne8
9.Be3 Nc7 10.Qd2 Ne6 11.d5 Nec5 12.b4 Na6 13.dxc6 bxc6 14.b5 Nab8 15.a4 Nf6
16.a5 cxb5 17.cxb5 Nbd7 18.Rfd1 Bb7 19.Qd3 a6 20.b6 Rc8 21.Nd2 Nc5 22.Bxc5 Rxc5
23.Nb3 Rxc3 24.Qxc3 Nxe4 25.Qc2 Bh4 26.g3 Qf6 27.Bxa6 Rc8 28.Qe2 Nc3 29.Qd3 Be4
30.Bxc8 Bxd3 31.Rxd3 Ne4 32.f3  1-0

[Event "15th ETC Women"]
[Site "Gothenburg SWE"]
[Date "2005.08.04"]
[Round "6"]
[White "Topel,Z"]
[Black "Thorsteinsdottir,G"]
[Result "1-0"]
[WhiteElo "2081"]
[BlackElo "2132"]

1.c4 c6 2.e4 d5 3.exd5 cxd5 4.d4 Nf6 5.Nc3 g6 6.h3 Bg7 7.Nf3 O-O 8.Be2 Nbd7
9.O-O dxc4 10.Bxc4 Nb6 11.Bb3 Nbd5 12.Bg5 Be6 13.Re1 Rc8 14.Qd2 Qd6 15.Rac1 Rfd8
16.Rcd1 Re8 17.Ne5 a6 18.Bh4 b5 19.Bg3 Qb6 20.Kh1 a5 21.Bc2 Nxc3 22.bxc3 Nd5
23.c4 bxc4 24.Ba4 c3 25.Qe2 c2 26.Bxc2 Nc3 27.Qd2 Nxd1 28.Rxd1 Red8 29.Be4 Bd5
30.Qf4 Qe6 31.Re1 Bxe5 32.dxe5 Bxe4 33.Qxe4 Rd2 34.a3 Qd5 35.Qg4 Rd8 36.Kh2 Rd4
37.Qg5 f6 38.Qh6 Re4 39.exf6 exf6 40.Rb1 Rde8 41.Rc1 Rc4 42.Rb1 Rc3 43.Rb6 Rc6
44.Rb7 Qf7 45.Rxf7 Kxf7  1-0

[Event "Open"]
[Site "Nice FRA"]
[Date "2005.08.04"]
[Round "5"]
[White "Dunis,A"]
[Black "Sanchez,Joseph"]
[Result "1-0"]
[WhiteElo "2485"]
[BlackElo "2452"]

1.c4 c6 2.e4 d5 3.cxd5 cxd5 4.exd5 Nf6 5.Qa4+ Nbd7 6.Nc3 g6 7.Nf3 Bg7 8.Bc4 a6
9.d3 O-O 10.Qa3 Nb6 11.Qb3 Bg4 12.Ng5 Nbd7 13.Qxb7 Nc5 14.Qb4 Qd6 15.O-O Rfb8
16.Qa3 h6 17.Be3 Nfd7 18.d4 Nb7 19.Nge4 Qxa3 20.bxa3 Na5 21.Bd3 Rc8 22.Rac1 Nb6
23.Nc5 Rd8 24.Rb1 Nxd5 25.Nxd5 Rxd5 26.Be4 Rad8 27.Bxd5 Rxd5 28.Nxa6 Nc4
29.Rfc1 Nxa3 30.Rb8+ Kh7 31.Nc7 Ra5 32.Ra8 Rxa8 33.Nxa8 Bf5 34.Nc7 e6 35.Ne8 Bf8
36.Rc7 Kg8 37.Rc8 g5 38.h4 Bb1 39.hxg5 hxg5 40.Nf6+  1-0

[Event "Petrovskaya Ladya IM"]
[Site "Peterhof RUS"]
[Date "2005.08.04"]
[Round "5"]
[White "Popov,Val"]
[Black "Lintchevski,D"]
[Result "1-0"]
[WhiteElo "2570"]
[BlackElo "2332"]

1.c4 c6 2.Nf3 Nf6 3.d4 d5 4.Nc3 dxc4 5.a4 Bf5 6.Ne5 e6 7.f3 Bb4 8.e4 Bxe4
9.fxe4 Nxe4 10.Bd2 Qxd4 11.Nxe4 Qxe4+ 12.Qe2 Bxd2+ 13.Kxd2 Qd5+ 14.Kc3 O-O
15.Qe3 b5 16.Be2 Nd7 17.Nxd7 Qxd7 18.Qc5 Qd8 19.Rhd1 Qf6+ 20.Qd4 Qe7 21.axb5 cxb5
22.Bf3 Rad8 23.Rxa7 b4+ 24.Kc2 Rxd4 25.Rxe7 Rxd1 26.Bxd1 Rd8 27.Rb7 c3 28.b3 g5
29.Rxb4 Rd2+ 30.Kc1 Rxg2 31.h3 Kg7 32.Rg4 Rxg4 33.hxg4 f5 34.b4 Kf6 35.Kc2 Ke5
36.Kxc3 fxg4 37.Bxg4 Kd6 38.Kc4 Kc6 39.Bxe6 h5 40.Bf7  1-0

[Event "ch-IRI Semi-Final"]
[Site "Tehran IRI"]
[Date "2005.08.04"]
[Round "2"]
[White "Noroozi,O"]
[Black "Ardeshi,M"]
[Result "1/2-1/2"]
[WhiteElo "2157"]
[BlackElo "2265"]

1.c4 c6 2.Nf3 Nf6 3.Nc3 d5 4.e3 g6 5.d4 Bg7 6.Be2 O-O 7.O-O Nbd7 8.Qb3 dxc4
9.Bxc4 Nb6 10.Be2 Be6 11.Qc2 Rc8 12.e4 Bg4 13.Rd1 Qc7 14.Bg5 Bxf3 15.Bxf3 e5
16.d5 cxd5 17.exd5 Ne8 18.Qb3 Nd6 19.Nb5 Nxb5 20.Qxb5 e4 21.d6 Qc5 22.Qxc5 Rxc5
23.Be7 exf3 24.Bxf8 Kxf8 25.d7 Nxd7 26.Rxd7 Bxb2 27.Rb1 a5 28.Rxb7 Bd4 29.Rd7 Bc3
30.Rbb7 Rf5 31.Rd3 Re5 32.gxf3 Bb4 33.a3 Bc5 34.Kf1 Be7 35.Ra7 Rf5 36.Ke2 h6
37.Kd1 Bh4 38.Rad7 Bxf2 39.R7d5 Rf4 40.Rxa5 Rh4 41.Ra8+ Ke7 42.Rd2 Bg1 43.a4 Bxh2
44.Ra7+ Ke6 45.Re2+ Be5 46.Re4 Rh1+ 47.Kc2 g5 48.Rb7 h5 49.Rb1 Rh2+ 50.Kb3 Rf2
51.Re3 Rd2 52.a5 Rd6 53.Ka4 Kf5 54.Rb7 f6 55.Rh7 h4 56.Kb5 Rd5+ 57.Kb4 Bd6+
58.Ka4 Bf4 59.Rb3 Rd6 60.Rh6 Be5 61.Kb5 Rd5+ 62.Kb6 Bd4+ 63.Ka6 Kf4 64.Ra3 Bb2
65.Rb3 Be5 66.Ra3 Kg3 67.Kb7 Bd6 68.Ra2 Be5 69.a6 Rd7+ 70.Kc6 Ra7 71.Ra3 Bb2
72.Ra2 Be5 73.Ra3 Bb2 74.Ra2 Be5  1/2-1/2

[Event "10th Open"]
[Site "Creon FRA"]
[Date "2005.08.05"]
[Round "7"]
[White "Larand,M"]
[Black "Piankov,E"]
[Result "0-1"]
[WhiteElo "2090"]
[BlackElo "2347"]

1.c4 c6 2.Nf3 d5 3.g3 g6 4.Bg2 Bg7 5.Qc2 e5 6.O-O Ne7 7.d3 O-O 8.e4 dxe4
9.dxe4 Qc7 10.b3 Rd8 11.Bb2 Bg4 12.Nh4 Na6 13.Ba3 c5 14.h3 Be6 15.Nc3 Nc6
16.Nd5 Qd7 17.Kh2 Nd4 18.Qd1 Bxd5 19.cxd5 b5 20.Rc1 Rac8 21.Qd3 Rc7 22.f4 Rdc8
23.Rf2 c4 24.bxc4 Rxc4 25.Rxc4 bxc4 26.Qf1 Nc5 27.fxe5 Bxe5 28.Nf3 Nxf3+
29.Bxf3 Qd6 30.Rg2 c3 31.Qc4 h5 32.Bb4 Qa6 33.Qe2 Qxe2 34.Rxe2 Nd3 35.Ba3 c2
36.Rd2 Nb2  0-1

[Event "15th ETC"]
[Site "Gothenburg SWE"]
[Date "2005.08.05"]
[Round "7"]
[White "McNab,C"]
[Black "Kassinopoullos,D"]
[Result "1-0"]
[WhiteElo "2451"]
[BlackElo "2094"]

1.c4 c6 2.Nf3 d5 3.e3 e6 4.Nc3 Nf6 5.Qc2 Nbd7 6.d4 Bb4 7.Bd3 Qc7 8.Bd2 b6
9.O-O Bxc3 10.Bxc3 h5 11.cxd5 Nxd5 12.Bd2 Bb7 13.Ng5 N7f6 14.Bg6 Ng4 15.Bxf7+ Ke7
16.g3 Nxh2 17.Kxh2 h4 18.f4 Nf6 19.Bb4+ c5 20.dxc5 Ng4+ 21.Kh3  1-0

[Event "American Continental"]
[Site "Buenos Aires ARG"]
[Date "2005.08.06"]
[Round "1"]
[White "Hobaica,J"]
[Black "Dominguez,L"]
[Result "0-1"]
[WhiteElo "2317"]
[BlackElo "2639"]

1.c4 c6 2.Nf3 d5 3.e3 Nf6 4.Nc3 Nbd7 5.Qc2 e6 6.b3 b6 7.Bb2 Bb7 8.d3 c5 9.e4 d4
10.Ne2 g6 11.h3 Bg7 12.O-O-O e5 13.Kb1 O-O 14.Ng3 Ne8 15.h4 Nd6 16.h5 b5
17.hxg6 hxg6 18.Qd2 bxc4 19.bxc4 Rb8 20.Ka1 Bc6 21.Be2 Rb4 22.Nh5 gxh5 23.Rxh5 Qf6
24.Rdh1 Rfb8 25.Ba3 Ra4 26.Bc1 Bxe4 27.Qc2 Rxc4 28.Qd2 Rcb4 29.Ba3 Nc4 30.Qg5 Qxg5  0-1

[Event "92nd ch-GBR"]
[Site "Douglas IOM"]
[Date "2005.08.06"]
[Round "6"]
[White "Mason,D"]
[Black "Tippleston,C"]
[Result "1-0"]
[WhiteElo "2265"]
[BlackElo "2203"]

1.c4 c6 2.e4 e5 3.Nf3 Nf6 4.Nc3 Bb4 5.Nxe5 O-O 6.Nd3 Bxc3 7.dxc3 Nxe4 8.Nf4 Re8
9.Be2 d6 10.O-O Nd7 11.f3 Qb6+ 12.Qd4 Qxd4+ 13.cxd4 Nef6 14.Kf2 a5 15.b3 Nf8
16.Rd1 Rd8 17.g4 h6 18.h4 Ne6 19.d5 Nxf4 20.Bxf4 cxd5 21.cxd5 Ne8 22.a4 Bd7
23.Rac1 Rdc8 24.Be3 b5 25.Bxb5 Bxb5 26.axb5 Rxc1 27.Rxc1 Rb8 28.b6 Nf6 29.Rc6 Nxd5
30.Rxd6 Nb4 31.Rd7 Nc6 32.b7 Kf8 33.Rc7 Nd8 34.Rc8 Rxb7 35.Rxd8+ Ke7 36.Rd3 Ke6
37.Ke2 Rb4 38.Bd2 Rb5 39.Kd1 f5 40.Kc2 fxg4 41.fxg4 h5 42.g5  1-0